Life and letters of Erasmus (Record no. 54606)

MARC details
000 -LEADER
campo de control de longitud fija 00621nam a22001935i 4500
001 - NÚMERO DE CONTROL
campo de control 54606
003 - IDENTIFICADOR DE NÚMERO DE CONTROL
campo de control ES-MaACL
007 - CAMPO FIJO DE DESCRIPCIÓN FÍSICA--INFORMACIÓN GENERAL
campo de control de longitud fija t|
008 - DATOS DE LONGITUD FIJA--INFORMACIÓN GENERAL
campo de control de longitud fija 960723s1895 xxk ||||1| eng d
040 ## - FUENTE DE CATALOGACIÓN
Centro catalogador/agencia de origen CAM
Lengua de catalogación spa
Centro/agencia transcriptor CAM
100 1# - ENTRADA PRINCIPAL--NOMBRE DE PERSONA
Nombre de persona Froude, James Anthony.
9 (RLIN) 52757
245 10 - MENCIÓN DEL TÍTULO
Título Life and letters of Erasmus
Resto del título : lectures delivered at Oxford 1893-4 /
Mención de responsabilidad, etc. by James Anthony Froude.
250 ## - MENCION DE EDICION
Mención de edición New ed.
260 ## - PUBLICACIÓN, DISTRIBUCIÓN, ETC.
Lugar de publicación, distribución, etc. London :
Nombre del editor, distribuidor, etc. Longmans, Green and co.,
Fecha de publicación, distribución, etc. 1895 (
Fabricante Richard Clay and sons)
300 ## - DESCRIPCIÓN FÍSICA
Extensión VI, 452 p. ;
Dimensiones 18 cm.
600 04 - PUNTO DE ACCESO ADICIONAL DE MATERIA--NOMBRE DE PERSONA
Nombre de persona Erasmus, Desiderius,
Fechas asociadas al nombre 1467-1536
9 (RLIN) 47350
852 ## - LOCALIZACIÓN
Ubicación ES-MaACL
Número de control de estantería G-10696
Holdings
Estatus retirado Estado de pérdida Estado de daño No para préstamo Colección Biblioteca de origen Biblioteca actual Ubicación en estantería Fecha de adquisición Fuente de adquisición Total de préstamos Signatura topográfica completa Código de barras Visto por última vez Precio de reemplazo Tipo de ítem Koha
        Libros del s. XIX Biblioteca del Ateneo de Madrid Biblioteca del Ateneo de Madrid Sala Pecera Planta 3 17/01/2008     G-10696 1057378 23/02/2023 23/02/2023 Libro impreso antiguo